00722cam a22002294a 450000100090000000300040000900500170001300800410003001000170007102000220008804000180011004200080012805000240013608200150016010000250017524500700020026000390027030000410030950400660035065000280041670000480044412447598OSt20210629053726.0010621s2002 maua b 001 0 eng  a 2001045101 a0321011848 (pbk.) aDLCcDLCdDLC apcc00aLB1051b.S7394 200200a370.152211 aSternberg, Robert J.10aEducational psychology /cRobert J. Sternberg, Wendy M. Williams. aBoston :bAllyn and Bacon,cc2002. axxiii, 616 p. :bcol. ill. ;c28 cm. aIncludes bibliographical references (p. 547-592) and indexes. 0aEducational psychology.1 aWilliams, Wendy M.q(Wendy Melissa),d1960-